Roman imperial architecture /

Bibliographic Details
Main Author: Ward-Perkins, J. B. (John Bryan), 1912-1981
Format: Book
Language:English
Published: Harmondsworth, England ; New York, N.Y. : Penguin Books, [1981]
Edition:2nd ed.
Series:Pelican history of art.
Subjects:

MARC

Tag First Indicator Second Indicator Subfields
LEADER 00000pam a2200000 a 4500
001 in00000085196
005 20151008055804.0
008 791219s1981 enka b 00110 engm
010 |a  79026799  
020 |a 0140560459 
020 |a 0140561455 (pbk.) 
035 |a (OCoLC)05892612 
035 |9 AAJ4393AM 
040 |a DLC  |c DLC  |d m.c.  |d TXA  |d UtOrBLW 
043 |a e------  |a aw-----  |a ff----- 
049 |a TXAM  |c [387733] 
050 0 0 |a NA310  |b .W34 
082 0 |a 722/.7 
100 1 |a Ward-Perkins, J. B.  |q (John Bryan),  |d 1912-1981. 
245 1 0 |a Roman imperial architecture /  |c J.B. Ward-Perkins. 
250 |a 2nd ed. 
264 1 |a Harmondsworth, England ;  |a New York, N.Y. :  |b Penguin Books,  |c [1981] 
264 4 |c ©1981 
300 |a 532 pages :  |b illustrations ;  |c 21 cm. 
336 |a text  |b txt  |2 rdacontent 
337 |a unmediated  |b n  |2 rdamedia 
338 |a volume  |b nc  |2 rdacarrier 
490 1 |a The Pelican history of art 
500 |a Includes index. 
504 |a Bibliography: pages [498]-510. 
650 0 |a Architecture, Roman. 
830 0 |a Pelican history of art. 
999 |a MARS 
999 f f |s 888f30be-272e-3ea3-9fb0-149058c5f537  |i d99437c9-407e-3d30-96bd-9be21995ee85  |t 0 
952 f f |p normal  |a Texas A&M University  |b College Station  |c Sterling C. Evans Library  |d Evans: Library Stacks  |t 0  |e NA310 .W34  |h Library of Congress classification  |i unmediated -- volume  |m A14806167174 
998 f f |a NA310 .W34  |t 0  |l Evans: Library Stacks